सात सुरों का मेला / (Record no. 205032)
[ view plain ]
| 000 -LEADER | |
|---|---|
| fixed length control field | 01047nam a22002057a 4500 |
| 005 - DATE AND TIME OF LATEST TRANSACTION | |
| control field | 20240909124127.0 |
| 010 ## - LCCN (DPL NO) | |
| LC control number | HIN-128186 |
| 020 ## - INTERNATIONAL STANDARD BOOK NUMBER | |
| Terms of availability | 630.00 |
| International Standard Book Number | 9788123032771 |
| 035 ## - SYSTEM CONTROL NUMBER | |
| System control number | HN-100532 |
| 037 ## - SOURCE OF ACQUISITION | |
| Source of stock number/acquisition | DBAD |
| 082 ## - DEWEY DECIMAL CLASSIFICATION NUMBER | |
| Classification number | 791.43028092 |
| 100 ## - MAIN ENTRY--PERSONAL NAME | |
| Personal name | श्रीवास्तव, राजीव |
| 245 ## - TITLE STATEMENT | |
| Title | सात सुरों का मेला / |
| Statement of responsibility, etc | राजीव श्रीवास्तव; रेमी कुमारी द्वारा अनुवादित |
| 250 ## - EDITION STATEMENT | |
| Edition statement | प्रथम |
| 260 ## - PUBLICATION, DISTRIBUTION, ETC. (IMPRINT) | |
| Place of publication, distribution, etc | नई दिल्ली |
| Name of publisher, distributor, etc | प्रकाशन विभाग, सूचना और प्रसारण मंत्रालय |
| Date of publication, distribution, etc | 2020 |
| 270 ## - ADDRESS | |
| Address | सूचना भवन, सी. जी. ओ. कॉम्प्लेक्स , लोधी रोड |
| City | नई दिल्ली |
| Postal code | 110003 |
| 300 ## - PHYSICAL DESCRIPTION | |
| Extent | 310 पृ. |
| Dimensions | 25 सेमी. (सजिल्द) |
| 700 ## - ADDED ENTRY--PERSONAL NAME | |
| Personal name | रेमी कुमारी |
| 9 (RLIN) | 70031 |
| 942 ## - ADDED ENTRY ELEMENTS (KOHA) | |
| Source of classification or shelving scheme | Dewey Decimal Classification |
| Item type | Hindi Books |
| Classification part | 791.43028092 |
| Call number suffix | श्रीवास्त |
| Withdrawn status | Lost status | Not for loan | Collection code | Home library | Current library | Date acquired | Source of acquisition | Cost, normal purchase price | Full call number | Barcode | Copy number | Cost, replacement price | Koha item type |
|---|---|---|---|---|---|---|---|---|---|---|---|---|---|
| Non-fiction | Shahdara Branch | Shahdara Branch | 14/08/2024 | DBAD | 630.00 | 791.43028092 श्रीवास्त | HN-100532 | 1 | 630.00 | Hindi Books |
